书目信息 |
| 题名: |
机械设计手册
|
|
| 作者: | 成大先 主编 | |
| 分册: | 第一卷 | |
| 出版信息: | 北京 化学工业出版社 2025.5 |
|
| 页数: | 6册 | |
| 开本: | 27cm | |
| 丛书名: | ||
| 单 册: | ||
| 中图分类: | TH122 | |
| 科图分类: | ||
| 主题词: | 机械设计--ji xie she ji--技术手册 | |
| 电子资源: | ||
| ISBN: | 978-7-122-47043-0 | |
| 000 | 01140nam0 2200349 450 | |
| 001 | CAL 012025047396 | |
| 005 | 20250923052943.5 | |
| 010 | @a978-7-122-47043-0@b精装 ; 第1卷@dCNY298.00 | |
| 010 | @a978-7-122-47044-7@b精装 ; 第2卷@dCNY298.00 | |
| 010 | @a978-7-122-47045-4@b精装 ; 第3卷@dCNY288.00 | |
| 010 | @a978-7-122-47046-1@b精装 ; 第4卷@dCNY268.00 | |
| 010 | @a978-7-122-47047-8@b精装 ; 第5卷@dCNY268.00 | |
| 010 | @a978-7-122-47048-5@b精装 ; 第6卷@dCNY268.00 | |
| 099 | @aCAL 012025047396 | |
| 100 | @a20250507d2025 em y0chiy0120 ea | |
| 101 | 0 | @achi |
| 102 | @aCN@b110000 | |
| 105 | @aak a 000yy | |
| 106 | @ar | |
| 200 | 1 | @a机械设计手册@Aji xie she ji shou ce@d= Handbook of mechanical design@f主编成大先@h第一卷@zeng |
| 205 | @a第7版 | |
| 210 | @a北京@c化学工业出版社@d2025.5 | |
| 215 | @a6册@c图@d27cm | |
| 320 | @a有书目 | |
| 510 | 1 | @aHandbook of mechanical design@zeng |
| 586 | @a | |
| 606 | 0 | @a机械设计@Aji xie she ji@j技术手册 |
| 690 | @aTH122@v5 | |
| 701 | 0 | @a成大先@Acheng da xian@4主编 |
| 801 | 0 | @aCN@c20250923 |
| 905 | @a河南城建学院图书馆@dTH122@eC675=7:1@f1 | |
| 998 | @aZJU | |
| 机械设计手册= Handbook of mechanical design/主编成大先.第一卷.-第7版.-北京:化学工业出版社,2025.5 |
| 6册:图;27cm |
| ISBN 978-7-122-47043-0(精装 ; 第1卷):CNY298.00 |
| ● |
| 相关链接 |
|
|
|
正题名:机械设计手册
索取号:TH122/C675=7:1
 
预约/预借
| 序号 | 登录号 | 条形码 | 馆藏地/架位号 | 状态 | 备注 |
| 1 | 1555514 | 215555147 | 自科库501/501自科库 32排3列5层/ [索取号:TH122/C675=7:1] | 在馆 |